| 000 | 00542nam a2200205Ia 4500 | ||
|---|---|---|---|
| 003 | OSt | ||
| 005 | 20250822151923.0 | ||
| 008 | 250729s2005 xx 000 0 und d | ||
| 020 | _a 978-8171418053 | ||
| 040 | _cAL | ||
| 041 | _aeng | ||
| 082 | _a001.51 HARM | ||
| 100 |
_aHarshitha Digumurthi _9221870 |
||
| 245 | _aMethods of teaching information technology | ||
| 260 |
_aNew Delhi _bDiscovery Publishing House _c2005 |
||
| 300 | _a369p | ||
| 650 |
_aTechnology _9221871 |
||
| 700 |
_aRao Digumurthi _9221872 |
||
| 942 |
_2ddc _cBED |
||
| 999 |
_c235208 _d235208 |
||